[Event "Open SSM B Agosto"]
[Site "Milano ITA"]
[Date "2014.08.01"]
[Round "4"]
[White "Biava, Pierluigi"]
[Black "Deiana, Giacomo"]
[WhiteElo "1613"]
[BlackElo "1673"]
[Result "1-0"]
[PlyCount "51"]
[EventDate "2014.07.29"]

1. e4 g6 2. d4 Bg7 3. c4 c5 4. Be3 Nc6 5. Ne2 Qb6 6. Nbc3 cxd4 7. Na4 Qa5+ 8.
Bd2 Qc7 9. Nf4 e6 10. b4 Nxb4 11. Nxe6 dxe6 12. Bxb4 Ne7 13. Bd3 O-O 14. O-O b6
15. Qb3 Re8 16. Rac1 Nc6 17. Bd2 Rb8 18. f4 Bd7 19. e5 Na5 20. Qc2 b5 21. cxb5
Qxc2 22. Rxc2 Bxb5 23. Bxb5 Rxb5 24. Nc5 Bf8 25. Ne4 Reb8 26. a4 1-0

[Event "Open SSM B Agosto"]
[Site "Milano ITA"]
[Date "2014.08.01"]
[Round "4"]
[White "Botta, Massimiliano"]
[Black "Poletto, Daniele"]
[WhiteElo "1702"]
[BlackElo "1738"]
[Result "1-0"]
[PlyCount "55"]
[EventDate "2014.07.29"]

1. e4 c5 2. Nf3 e6 3. d4 cxd4 4. Nxd4 a6 5. c4 Nf6 6. Nc3 Qc7 7. Be3 Nc6 8. f3
Bb4 9. Rc1 Ne5 10. a3 Be7 11. Be2 Ng6 12. Qd2 O-O 13. f4 d6 14. g4 e5 15. Nf5
exf4 16. Bxf4 Nxf4 17. Qxf4 Bxf5 18. exf5 h6 19. h4 Rfe8 20. g5 Nh5 21. Qg4 g6
22. fxg6 fxg6 23. gxh6 Kh7 24. Rg1 Bxh4+ 25. Qxh4 Qa5 26. Qg5 Qxg5 27. Rxg5
Kxh6 28. Rd5 1-0

[Event "Open SSM B Agosto"]
[Site "Milano ITA"]
[Date "2014.08.01"]
[Round "4"]
[White "Carito, Riccardo"]
[Black "Fantina, Carla"]
[WhiteElo "1732"]
[BlackElo "1399"]
[Result "1-0"]
[PlyCount "83"]
[EventDate "2014.07.29"]

1. d4 Nf6 2. c4 g6 3. Nc3 Bg7 4. Nf3 d6 5. Bf4 O-O 6. e3 Nh5 7. Bg5 f5 8. h3
Nf6 9. Bd3 c6 10. O-O Qc7 11. Qb3 e6 12. Bf4 Qa5 13. Bxd6 Re8 14. Rfe1 Nbd7 15.
Ng5 Nb6 16. Rad1 Nbd7 17. Ne2 Qb6 18. Qa3 Bf8 19. Bxf8 Nxf8 20. c5 Qc7 21. Bc4
h6 22. Nf3 Kg7 23. Ne5 Bd7 24. Nf4 g5 25. Ne2 Nd5 26. Ng3 b6 27. Nh5+ Kg8 28.
Bxd5 exd5 29. Nf6+ Kg7 30. Nxe8+ Rxe8 31. Nxd7 Nxd7 32. cxb6 Nxb6 33. b3 Nd7
34. Rc1 a5 35. Rc3 Re6 36. Rec1 Nb8 37. Rc5 f4 38. Rxa5 Kf6 39. Qf8+ Kg6 40.
Rxd5 fxe3 41. Qf5+ Kh5 42. Qxe6 1-0

[Event "Open SSM B Agosto"]
[Site "Milano ITA"]
[Date "2014.08.01"]
[Round "4"]
[White "Casamassima, Paolo"]
[Black "Frignani, Alessandro"]
[WhiteElo "1671"]
[BlackElo "1470"]
[Result "1-0"]
[PlyCount "83"]
[EventDate "2014.07.29"]

1. d4 d5 2. c4 e6 3. Nf3 c6 4. g3 Bb4+ 5. Bd2 Qa5 6. a3 Bxd2+ 7. Nbxd2 dxc4 8.
e4 c3 9. Nc4 c2+ 10. Nxa5 cxd1=Q+ 11. Rxd1 Nf6 12. e5 Nd5 13. Nc4 h6 14. Nd6+
Ke7 15. Bg2 Nd7 16. Nd2 f6 17. Nf3 fxe5 18. dxe5 Rf8 19. O-O g5 20. Rfe1 Rb8
21. Nc4 b6 22. Nd4 Bb7 23. Bh3 Rg8 24. Bxe6 Rgd8 25. Bh3 Nf8 26. Nf5+ Kf7 27.
Nxh6+ Kg6 28. Nf5 Bc8 29. g4 Ne6 30. Ncd6 Ba6 31. Bg2 Nef4 32. Nd4 Nxg2 33.
Kxg2 Nf4+ 34. Kg3 Rxd6 35. exd6 c5 36. Ne6 Nd3 37. Re3 Nxb2 38. Rd5 Nc4 39. Rf3
Bb7 40. Rxg5+ Kh6 41. Rf6+ Kh7 42. Rg7+ 1-0

[Event "Open SSM B Agosto"]
[Site "Milano ITA"]
[Date "2014.08.01"]
[Round "4"]
[White "Colica, Daniele"]
[Black "Aloe, Giancarlo"]
[WhiteElo "1716"]
[BlackElo "1708"]
[Result "1-0"]
[PlyCount "109"]
[EventDate "2014.07.29"]

1. e4 c5 2. Nf3 e6 3. d3 Nc6 4. g3 Nge7 5. Bg2 g6 6. c3 Bg7 7. O-O O-O 8. Nbd2
d5 9. Qe2 dxe4 10. dxe4 b6 11. Rd1 Qc7 12. Nf1 Bb7 13. Bf4 e5 14. Bd2 Rad8 15.
Ne3 a6 16. Ng4 b5 17. Bh6 f5 18. Bxg7 Kxg7 19. Ng5 Bc8 20. Ne3 f4 21. Nd5 Qa7
22. gxf4 exf4 23. Bh3 f3 24. Qe3 Bxh3 25. Nxh3 Ne5 26. Qg5 N7c6 27. Nhf4 Qf7
28. Nf6 Kh8 29. N4d5 Rd6 30. Ng4 Nxg4 31. Qxg4 Ne5 32. Qg3 Nc4 33. b3 Rxd5 34.
exd5 Nb6 35. Qe5+ Kg8 36. Qe6 Nd7 37. Rd3 Kg7 38. Qxf7+ Rxf7 39. Re1 g5 40. h3
h5 41. d6 g4 42. Re7 c4 43. bxc4 bxc4 44. Rxf7+ Kxf7 45. Rd4 Ke6 46. hxg4 hxg4
47. Rxg4 Kxd6 48. Rxc4 Ne5 49. Ra4 Kd5 50. Rxa6 Kc4 51. Re6 Nd3 52. Re3 Nc1 53.
a4 Ne2+ 54. Kf1 Nc1 55. Rxf3 1-0

[Event "Open SSM B Agosto"]
[Site "Milano ITA"]
[Date "2014.08.01"]
[Round "4"]
[White "Confalonieri, Luca"]
[Black "Pipitone, Filippo Massimo"]
[WhiteElo "1630"]
[BlackElo "1567"]
[Result "1/2-1/2"]
[PlyCount "90"]
[EventDate "2014.07.29"]

1. e4 c5 2. Nf3 e6 3. d4 cxd4 4. Nxd4 a6 5. Nc3 Qc7 6. Be2 b5 7. a3 Bb7 8. Be3
Nf6 9. Bd3 b4 10. axb4 Bxb4 11. Bd2 Bxc3 12. Bxc3 Nxe4 13. Bxe4 Bxe4 14. Qg4
Bg6 15. O-O O-O 16. f4 Qc4 17. Qg3 Qc5 18. Kh1 f6 19. Qf3 Nc6 20. Nxc6 Qxc6 21.
Qe2 Qe4 22. Qd1 Qc6 23. Rf2 d5 24. Qg4 Qb6 25. Rd2 Bf5 26. Qg3 Kf7 27. Re1 Rfd8
28. Bd4 Qb5 29. c3 Qc4 30. Qf3 Rab8 31. Qh5+ Bg6 32. Qh3 Re8 33. Rde2 Qc6 34.
Qf3 Rb3 35. Qe3 Bf5 36. Qd2 Reb8 37. Qc1 Qb5 38. Qa1 Rxb2 39. Rxb2 Qxb2 40.
Qxa6 Be4 41. Rg1 h5 42. Qf1 Bf5 43. Qf3 Bg6 44. Qe3 Be4 45. Qh3 Qe2 1/2-1/2

[Event "Open SSM B Agosto"]
[Site "Milano ITA"]
[Date "2014.08.01"]
[Round "4"]
[White "Gonella, Graziano"]
[Black "Mingolla, Patrizio"]
[WhiteElo "1156"]
[BlackElo "1615"]
[Result "0-1"]
[PlyCount "46"]
[EventDate "2014.07.29"]

1. e4 e5 2. Ne2 Nf6 3. f4 Nxe4 4. d3 Nf6 5. fxe5 Ng8 6. Bf4 d5 7. d4 Be6 8.
Nbc3 Bb4 9. Qd2 h6 10. O-O-O Ne7 11. Be3 Nf5 12. Bf2 a6 13. h3 Be7 14. g4 Nh4
15. Qd3 Nc6 16. Nf4 O-O 17. Rg1 Nb4 18. Qe3 Bg5 19. Bxh4 Bxh4 20. Nxe6 fxe6 21.
Kb1 Bf2 22. Qe2 Bxg1 23. Qg2 Be3 0-1

[Event "Open SSM B Agosto"]
[Site "Milano ITA"]
[Date "2014.08.01"]
[Round "4"]
[White "Libutti, Michele"]
[Black "Lanaspa Ballesteros, Federico"]
[WhiteElo "1736"]
[BlackElo "1585"]
[Result "1-0"]
[PlyCount "37"]
[EventDate "2014.07.29"]

1. d4 Nf6 2. c4 c5 3. d5 b5 4. cxb5 a6 5. b6 Qxb6 6. Nc3 d6 7. e4 Nbd7 8. Nf3
Qc7 9. h3 g6 10. Be2 Bg7 11. O-O O-O 12. Nd2 e5 13. dxe6 fxe6 14. Nc4 Nxe4 15.
Nxe4 d5 16. Ng5 dxc4 17. Nxe6 Qb6 18. Nxf8 Nxf8 19. Qd5+ 1-0

[Event "Open SSM B Agosto"]
[Site "Milano ITA"]
[Date "2014.08.01"]
[Round "4"]
[White "Scovazzi, Tullio"]
[Black "Pollio, Ciro"]
[WhiteElo "1662"]
[BlackElo "1757"]
[Result "1-0"]
[PlyCount "43"]
[EventDate "2014.07.29"]

1. e4 c5 2. d4 cxd4 3. c3 dxc3 4. Nxc3 e6 5. Bc4 a6 6. Nf3 b5 7. Bb3 Bb7 8. Qe2
Ne7 9. Bg5 h6 10. Bh4 Nbc6 11. O-O g5 12. Bg3 Ng6 13. Rfd1 Bg7 14. Bd6 Bf8 15.
Rac1 Bxd6 16. Rxd6 Qe7 17. Rcd1 Nge5 18. Nxe5 Nxe5 19. Nxb5 axb5 20. Qxb5 Bxe4
21. Qxe5 Rf8 22. Qxe4 1-0

[Event "Open SSM B Agosto"]
[Site "Milano ITA"]
[Date "2014.08.01"]
[Round "4"]
[White "Vece, Luigi"]
[Black "Conta, Diego"]
[WhiteElo "1641"]
[BlackElo "1669"]
[Result "0-1"]
[PlyCount "76"]
[EventDate "2014.07.29"]

1. e4 e6 2. Nf3 d5 3. e5 c5 4. d4 h6 5. c3 Nc6 6. Be2 Bd7 7. O-O Nge7 8. Bf4
cxd4 9. cxd4 Qb6 10. Nc3 Nf5 11. Na4 Qa5 12. Bd2 Bb4 13. Bxb4 Qxb4 14. a3 Qe7
15. g4 Nh4 16. Nc5 Nxf3+ 17. Bxf3 Rb8 18. Nxd7 Qxd7 19. Rc1 O-O 20. b4 a6 21.
Qd3 Qe7 22. Rc5 f5 23. h3 Qg5 24. Qe3 Qxe3 25. fxe3 f4 26. Kf2 fxe3+ 27. Kxe3
g5 28. Rd1 Rf4 29. Rcc1 Rbf8 30. Be2 Re4+ 31. Kd3 Rxd4+ 32. Kc3 Rxd1 33. Bxd1
Nxe5 34. Kd4 Nc4 35. Bb3 Rf4+ 36. Kc5 Nxa3 37. Kd6 Rxb4 38. Bd1 Rb6+ 0-1

[Event "Open SSM B Agosto"]
[Site "Milano ITA"]
[Date "2014.08.01"]
[Round "4"]
[White "Vigliaroli, Matteo Luigi"]
[Black "Madaschi, Sergio"]
[WhiteElo "1646"]
[BlackElo "1487"]
[Result "1-0"]
[PlyCount "35"]
[EventDate "2014.07.29"]

1. e4 c5 2. c3 d5 3. exd5 Qxd5 4. Nf3 e6 5. d4 Nf6 6. Be2 Be7 7. O-O O-O 8. Be3
Nc6 9. dxc5 Ng4 10. Qxd5 exd5 11. Bd4 Bf6 12. Nbd2 Be6 13. Rfe1 Rfe8 14. Bd3
Nh6 15. Bxf6 gxf6 16. Nd4 Ng4 17. b4 Rac8 18. Nb5 1-0

[Event "Open SSM B Agosto"]
[Site "Milano ITA"]
[Date "2014.08.02"]
[Round "5"]
[White "Bertora, Silvano"]
[Black "Biava, Pierluigi"]
[WhiteElo "1596"]
[BlackElo "1613"]
[Result "1-0"]
[PlyCount "63"]
[EventDate "2014.07.29"]

1. e4 c5 2. Nf3 e6 3. d4 cxd4 4. Nxd4 a6 5. Be2 Nf6 6. e5 Nd5 7. c4 Ne7 8. Nc3
Nbc6 9. Nf3 Qc7 10. O-O Ng6 11. Re1 Ncxe5 12. Nxe5 Qxe5 13. Na4 Bd6 14. f4 Bc5+
15. Kh1 Qc7 16. f5 Ne7 17. fxe6 dxe6 18. Bd2 Ba7 19. b4 Bb8 20. g3 O-O 21. c5
Nd5 22. Bf3 Bd7 23. Bxd5 exd5 24. Nb6 Ra7 25. Re7 Rd8 26. Qf3 f6 27. Bh6 Qc6
28. Rxg7+ Kh8 29. Rxd7 Rxd7 30. Nxd7 d4 31. Qxc6 bxc6 32. Nxb8 1-0

[Event "Open SSM B Agosto"]
[Site "Milano ITA"]
[Date "2014.08.02"]
[Round "5"]
[White "Colica, Daniele"]
[Black "Botta, Massimiliano"]
[WhiteElo "1716"]
[BlackElo "1702"]
[Result "0-1"]
[PlyCount "52"]
[EventDate "2014.07.29"]

1. e4 c5 2. Nf3 d6 3. d4 cxd4 4. Qxd4 Nc6 5. Bb5 Bd7 6. Bxc6 Bxc6 7. Nc3 Nf6 8.
Bg5 e6 9. O-O Be7 10. Rfe1 Qc7 11. Qd2 h6 12. Bh4 Rd8 13. Re2 a6 14. Rae1 O-O
15. h3 b5 16. Nd5 Nxd5 17. exd5 Bxh4 18. Nxh4 Bxd5 19. Nf5 Bc4 20. Nxh6+ gxh6
21. Re4 f5 22. Rh4 Rf6 23. Qc3 Qg7 24. f4 Rdf8 25. Re3 Rg6 26. Qxg7+ Kxg7 0-1

[Event "Open SSM B Agosto"]
[Site "Milano ITA"]
[Date "2014.08.02"]
[Round "5"]
[White "Conta, Diego"]
[Black "Scovazzi, Tullio"]
[WhiteElo "1669"]
[BlackElo "1662"]
[Result "0-1"]
[PlyCount "90"]
[EventDate "2014.07.29"]

1. e4 e5 2. Nc3 Nf6 3. f4 d5 4. exd5 Nxd5 5. Nf3 Nxc3 6. bxc3 e4 7. Ne5 Bc5 8.
d4 exd3 9. cxd3 O-O 10. d4 Bd6 11. Bd3 Bxe5 12. fxe5 Be6 13. Qh5 g6 14. Qg5
Qxg5 15. Bxg5 Nd7 16. O-O c6 17. Rf2 b5 18. Be4 Rfc8 19. a4 Bc4 20. a5 a6 21.
Bf3 Ra7 22. Bg4 Re8 23. Bf3 Rc7 24. g4 Nf8 25. h4 Ne6 26. Bf6 h6 27. Be4 Bd5
28. Bd3 c5 29. Bf1 cxd4 30. cxd4 Rc3 31. Bg2 Rg3 32. Kh2 Rxg2+ 33. Rxg2 Bxg2
34. Kxg2 Rc8 35. d5 Nf4+ 36. Kf3 Nxd5 37. Rd1 Nxf6 38. exf6 b4 39. Rd6 b3 40.
Rb6 Rc3+ 41. Ke2 Rg3 42. Rb8+ Kh7 43. Rb7 b2 44. Rxf7+ Kg8 45. Rb7 Rg1 0-1

[Event "Open SSM B Agosto"]
[Site "Milano ITA"]
[Date "2014.08.02"]
[Round "5"]
[White "Deiana, Giacomo"]
[Black "Ruggeri, Igor"]
[WhiteElo "1673"]
[BlackElo "1581"]
[Result "1-0"]
[PlyCount "39"]
[EventDate "2014.07.29"]

1. c4 c5 2. Nc3 Nf6 3. Nf3 d5 4. cxd5 Nxd5 5. g3 Nxc3 6. bxc3 Bd7 7. Ne5 Nc6 8.
Nxd7 Qxd7 9. Bg2 g6 10. Qa4 Rc8 11. Rb1 b6 12. O-O Bg7 13. Bb2 O-O 14. d4 cxd4
15. cxd4 Nb8 16. Qxd7 Nxd7 17. Rfc1 Nc5 18. dxc5 Bxb2 19. Rxb2 bxc5 20. Rbc2
1-0

[Event "Open SSM B Agosto"]
[Site "Milano ITA"]
[Date "2014.08.02"]
[Round "5"]
[White "Fantina, Carla"]
[Black "Lanaspa Ballesteros, Federico"]
[WhiteElo "1399"]
[BlackElo "1585"]
[Result "0-1"]
[PlyCount "42"]
[EventDate "2014.07.29"]

1. c4 Nf6 2. Nf3 g6 3. g3 Bg7 4. Bg2 O-O 5. Nc3 d6 6. O-O e5 7. e4 Nc6 8. d3
Nh5 9. h3 Nd4 10. Nxd4 exd4 11. Nd5 c6 12. Nf4 Nf6 13. Kh2 Nd7 14. Rb1 a5 15.
a3 Nc5 16. b4 axb4 17. axb4 Na4 18. Bd2 Nc3 19. Bxc3 dxc3 20. Ra1 c2 21. Qxc2
Rxa1 0-1

[Event "Open SSM B Agosto"]
[Site "Milano ITA"]
[Date "2014.08.02"]
[Round "5"]
[White "Figini, Vittorio"]
[Black "Carito, Riccardo"]
[WhiteElo "1446"]
[BlackElo "1732"]
[Result "0-1"]
[PlyCount "64"]
[EventDate "2014.07.29"]

1. e4 d5 2. exd5 Nf6 3. Nc3 Nxd5 4. Nxd5 Qxd5 5. Nf3 Bg4 6. Be2 Nc6 7. h3 Bh5
8. O-O e6 9. c3 Bd6 10. d4 O-O 11. c4 Qa5 12. c5 Bxf3 13. gxf3 Bxc5 14. dxc5
Qxc5 15. Be3 Qf5 16. Kh2 Rad8 17. Qe1 Nd4 18. Rg1 Qxf3 19. Rxg7+ Kh8 20. Bxd4
Qf4+ 21. Rg3+ Rxd4 22. Kg2 Rd2 23. Rd1 Rfd8 24. Rg4 Qd6 25. Rc1 Qe5 26. Kf1 Qh2
27. Bf3 Qxh3+ 28. Rg2 Qh1+ 29. Rg1 Qxf3 30. Rg3 Qh1+ 31. Rg1 Qh3+ 32. Rg2 Qd3+
0-1

[Event "Open SSM B Agosto"]
[Site "Milano ITA"]
[Date "2014.08.02"]
[Round "5"]
[White "Frignani, Alessandro"]
[Black "Vigliaroli, Matteo Luigi"]
[WhiteElo "1470"]
[BlackElo "1646"]
[Result "0-1"]
[PlyCount "68"]
[EventDate "2014.07.29"]

1. e4 e6 2. Bc4 d5 3. exd5 exd5 4. Qe2+ Be7 5. Bb3 Nf6 6. Nf3 O-O 7. O-O Re8 8.
Qd1 Bg4 9. h3 Bh5 10. d3 Nbd7 11. Nc3 c6 12. g4 Bg6 13. Be3 Nc5 14. Ne2 Nxb3
15. axb3 Nd7 16. Rxa7 Rxa7 17. Bxa7 b6 18. Qa1 Qc7 19. Qa2 Bd6 20. Ned4 Qb7 21.
Ra1 Ra8 22. Qa6 Qc7 23. Qa4 Nb8 24. h4 Qd7 25. g5 Bh5 26. Kf1 Qh3+ 27. Ke2 Bc5
28. Nxc6 Qxf3+ 29. Kd2 Qe2+ 30. Kc3 Nxc6 31. Qxc6 d4+ 32. Kc4 Qxc2+ 33. Kb5
Qxd3+ 34. Ka4 Rxa7# 0-1

[Event "Open SSM B Agosto"]
[Site "Milano ITA"]
[Date "2014.08.02"]
[Round "5"]
[White "Mingolla, Patrizio"]
[Black "Libutti, Michele"]
[WhiteElo "1615"]
[BlackElo "1736"]
[Result "1/2-1/2"]
[PlyCount "48"]
[EventDate "2014.07.29"]

1. e4 c6 2. d4 d5 3. Bd3 dxe4 4. Bxe4 Nf6 5. Bf3 Bf5 6. c3 Nbd7 7. Bf4 e6 8.
Ne2 Nd5 9. Bg3 N7f6 10. Nd2 Bd6 11. Nc4 Bxg3 12. hxg3 Qc7 13. Ne5 Nd7 14. Nxd7
Qxd7 15. g4 Bg6 16. Bxd5 exd5 17. f3 O-O-O 18. Kf2 f5 19. gxf5 Bxf5 20. Ng3 Bg6
21. Qd2 Rhf8 22. Rae1 Rde8 23. Qg5 Qd8 24. Qxd8+ Kxd8 1/2-1/2

[Event "Open SSM B Agosto"]
[Site "Milano ITA"]
[Date "2014.08.02"]
[Round "5"]
[White "Poletto, Daniele"]
[Black "Aloe, Giancarlo"]
[WhiteElo "1738"]
[BlackElo "1708"]
[Result "1-0"]
[PlyCount "89"]
[EventDate "2014.07.29"]

1. c4 Nf6 2. Nc3 d5 3. cxd5 Nxd5 4. g3 e6 5. Bg2 c6 6. Nf3 Be7 7. O-O O-O 8. a3
Nd7 9. e4 N5f6 10. d4 Qa5 11. h3 Nb6 12. Qe2 Re8 13. Bd2 Bf8 14. Nd5 Qa4 15.
Nc7 Bd7 16. Nxe8 Rxe8 17. Bb4 Bxb4 18. axb4 Qxb4 19. Rxa7 Nc4 20. Rd1 c5 21.
dxc5 Bc6 22. Nd4 Qxc5 23. Nxc6 bxc6 24. Raa1 Ne5 25. Rac1 Qb6 26. Qd2 c5 27.
Qc3 Ng6 28. e5 Nd5 29. Bxd5 exd5 30. Rxd5 Qe6 31. Rxc5 Qxh3 32. Rc8 Rf8 33.
Rxf8+ Nxf8 34. Qc8 Qh5 35. Re1 g6 36. b4 Kg7 37. Qd8 Ne6 38. Qf6+ Kg8 39. Rc1
Qh6 40. Rc8+ Nf8 41. Qe7 Qg7 42. b5 h5 43. Qxf8+ Qxf8 44. Rxf8+ Kxf8 45. b6 1-0

[Event "Open SSM B Agosto"]
[Site "Milano ITA"]
[Date "2014.08.02"]
[Round "5"]
[White "Pollio, Ciro"]
[Black "Vece, Luigi"]
[WhiteElo "1757"]
[BlackElo "1641"]
[Result "1-0"]
[PlyCount "43"]
[EventDate "2014.07.29"]

1. d4 Nf6 2. c4 e6 3. a3 b6 4. d5 Bb7 5. Nc3 d6 6. e4 Be7 7. Nf3 O-O 8. Bd3 e5
9. O-O Nbd7 10. b4 c6 11. Qa4 cxd5 12. cxd5 a5 13. Be3 axb4 14. Qxb4 Nc5 15.
Bxc5 dxc5 16. Qb2 Nd7 17. Bb5 Ba6 18. Rfd1 Bd6 19. Bxd7 Qxd7 20. Qxb6 Rfb8 21.
Qc6 Qe7 22. Rac1 1-0

[Event "Open SSM B Agosto"]
[Site "Milano ITA"]
[Date "2014.08.02"]
[Round "5"]
[White "Rigotti, Gianluigi"]
[Black "Confalonieri, Luca"]
[WhiteElo "1606"]
[BlackElo "1630"]
[Result "1-0"]
[PlyCount "69"]
[EventDate "2014.07.29"]

1. e4 e5 2. Nf3 Nc6 3. Bb5 a6 4. Ba4 b5 5. Bb3 Nf6 6. O-O Bc5 7. c3 Bb6 8. d4
exd4 9. cxd4 O-O 10. e5 Ne4 11. Bd5 Nf6 12. Bg5 h6 13. exf6 hxg5 14. fxg7 Kxg7
15. g4 Rb8 16. Nc3 Ne7 17. Bb3 Ng6 18. Ne4 f6 19. Ng3 Nf4 20. Nf5+ Kh8 21. Re1
d5 22. Bc2 Ba5 23. Re3 Re8 24. a3 c6 25. b4 Bc7 26. Rc1 Nh3+ 27. Kf1 Bxf5 28.
Bxf5 Bf4 29. Rxe8+ Qxe8 30. Rc2 Bd6 31. Re2 Qf8 32. Qc1 Rb6 33. Bd7 Qb8 34.
Re8+ Qxe8 35. Bxe8 1-0

[Event "Open SSM B Agosto"]
[Site "Milano ITA"]
[Date "2014.08.02"]
[Round "5"]
[White "Verderame, Alberto"]
[Black "Gonella, Graziano"]
[WhiteElo "1481"]
[BlackElo "1156"]
[Result "1-0"]
[PlyCount "79"]
[EventDate "2014.07.29"]

1. Nf3 e6 2. d4 Nf6 3. Nbd2 d5 4. b3 c5 5. Bb2 Nc6 6. e3 Bd6 7. Bd3 Bd7 8. O-O
Nb4 9. Be2 O-O 10. a3 Nc6 11. Ne5 cxd4 12. exd4 Qc7 13. f4 Be8 14. Rf3 Ne4 15.
Bd3 f5 16. Qe1 Bh5 17. Rh3 Nf6 18. Be2 Bxe2 19. Qxe2 Ne4 20. Qh5 Nf6 21. Qh4
Rae8 22. Ndf3 h5 23. Ng5 Re7 24. Ng6 Rd7 25. Nxf8 Bxf8 26. Nxe6 Qb6 27. Nxf8
Kxf8 28. Rd1 Rc7 29. Qg5 Ne7 30. Rc1 Rc6 31. Qg3 Ne4 32. Qe3 g6 33. a4 Kf7 34.
Ba3 Ng8 35. c4 dxc4 36. bxc4 Qa6 37. Qb3 Nd2 38. Qb4 Rxc4 39. Qf8+ Ke6 40.
Qxg8+ 1-0

[Event "Open SSM B Agosto"]
[Site "Milano ITA"]
[Date "2014.08.03"]
[Round "6"]
[White "Aloe, Giancarlo"]
[Black "Mingolla, Patrizio"]
[WhiteElo "1708"]
[BlackElo "1615"]
[Result "0-1"]
[PlyCount "44"]
[EventDate "2014.07.29"]

1. d4 d5 2. Nf3 Nf6 3. g3 e6 4. Bg2 Bd6 5. O-O O-O 6. Nbd2 c6 7. c4 Nbd7 8. b3
Rb8 9. Bb2 Re8 10. Qc2 b6 11. a3 Bb7 12. Ne5 c5 13. e3 Qc8 14. Rac1 Nf8 15.
Ndf3 Ne4 16. Bh3 Qd8 17. Rfd1 f6 18. Nd3 dxc4 19. bxc4 Nxg3 20. Bxe6+ Nxe6 21.
d5 Nh5 22. Nh4 Nf8 0-1

[Event "Open SSM B Agosto"]
[Site "Milano ITA"]
[Date "2014.08.03"]
[Round "6"]
[White "Biava, Pierluigi"]
[Black "Verderame, Alberto"]
[WhiteElo "1613"]
[BlackElo "1481"]
[Result "1-0"]
[PlyCount "69"]
[EventDate "2014.07.29"]

1. e4 d6 2. d4 Nf6 3. Nc3 c6 4. h3 b5 5. a3 Bb7 6. Be3 e6 7. Nf3 d5 8. Bd3 a5
9. e5 Nfd7 10. O-O Be7 11. Ne2 O-O 12. c3 Ba6 13. Qc2 f5 14. exf6 Nxf6 15. Ne5
b4 16. Ng3 Bxd3 17. Qxd3 b3 18. Rae1 a4 19. f4 Qc7 20. f5 Nbd7 21. Bf4 Nxe5 22.
Bxe5 Bd6 23. fxe6 Bxe5 24. Rxe5 Rfe8 25. Nf5 g6 26. Nh6+ Kg7 27. g4 Re7 28. g5
Ne4 29. h4 Rae8 30. Qh3 c5 31. h5 cxd4 32. cxd4 Qc2 33. hxg6 hxg6 34. Nf7 Nxg5
35. Qh6+ 1-0

[Event "Open SSM B Agosto"]
[Site "Milano ITA"]
[Date "2014.08.03"]
[Round "6"]
[White "Botta, Massimiliano"]
[Black "Scovazzi, Tullio"]
[WhiteElo "1702"]
[BlackElo "1662"]
[Result "1-0"]
[PlyCount "49"]
[EventDate "2014.07.29"]

1. e4 e5 2. Nf3 Nc6 3. Bb5 a6 4. Ba4 Nf6 5. O-O Be7 6. Re1 b5 7. Bb3 O-O 8. c3
d5 9. exd5 Nxd5 10. Nxe5 Nxe5 11. Rxe5 Nf6 12. h3 Bd6 13. Re3 Bf4 14. Rf3 Qd6
15. d4 Bxc1 16. Qxc1 Bb7 17. Re3 Nd5 18. Bxd5 Qxd5 19. Rg3 Rfe8 20. Nd2 Re2 21.
Nf3 Rae8 22. Qh6 g6 23. Ng5 Qf5 24. Rf1 Rxb2 25. Qxh7+ 1-0

[Event "Open SSM B Agosto"]
[Site "Milano ITA"]
[Date "2014.08.03"]
[Round "6"]
[White "Carito, Riccardo"]
[Black "Conta, Diego"]
[WhiteElo "1732"]
[BlackElo "1669"]
[Result "0-1"]
[PlyCount "80"]
[EventDate "2014.07.29"]

1. d4 Nf6 2. Nf3 g6 3. Bf4 Bg7 4. Nbd2 d6 5. e3 O-O 6. Bc4 a6 7. a3 b5 8. Ba2
Bb7 9. O-O Nbd7 10. c4 c5 11. cxb5 axb5 12. dxc5 Nxc5 13. Qe2 Nh5 14. Rab1 Nxf4
15. exf4 Qd7 16. Rfe1 e6 17. Nb3 Ra4 18. Nxc5 dxc5 19. Ne5 Qe8 20. Rbd1 Re4 21.
Qc2 Rxe1+ 22. Rxe1 c4 23. Rd1 Bd5 24. f3 Bh6 25. Ng4 Bg7 26. Ne5 Qe7 27. Qe2
Qc7 28. Bb1 Rc8 29. Rc1 Qa7+ 30. Qf2 Qc7 31. Qe3 f6 32. Ng4 h5 33. Nf2 f5 34.
Qd2 Qc5 35. Kh1 Bd4 36. Rc2 Be3 37. Nd3 Bxd2 38. Nxc5 Bxf4 39. Nd7 Rd8 40. Nb6
Bb8 0-1

[Event "Open SSM B Agosto"]
[Site "Milano ITA"]
[Date "2014.08.03"]
[Round "6"]
[White "Casamassima, Paolo"]
[Black "Pollio, Ciro"]
[WhiteElo "1671"]
[BlackElo "1757"]
[Result "1/2-1/2"]
[PlyCount "117"]
[EventDate "2014.07.29"]

1. d4 d5 2. c4 e6 3. Nf3 Nf6 4. Nc3 c5 5. cxd5 exd5 6. Bg5 Be6 7. e3 Nbd7 8.
Bb5 a6 9. Bxd7+ Qxd7 10. Bxf6 gxf6 11. e4 c4 12. h3 b5 13. a3 Bg7 14. Qc2 O-O
15. Rd1 Rfe8 16. e5 Bf5 17. Qc1 Bd3 18. Qf4 Re7 19. Kd2 fxe5 20. dxe5 Rae8 21.
Rhe1 a5 22. Qd4 Bh6+ 23. Re3 Bxe3+ 24. fxe3 Be4 25. Kc1 Rd8 26. Ng5 b4 27.
Ngxe4 dxe4 28. Qxe4 bxc3 29. Rxd7 Rexd7 30. Qxc4 Rd1+ 31. Kc2 R8d2+ 32. Kb3
cxb2 33. Qg4+ Kf8 34. Qc8+ Ke7 35. Qc7+ Ke6 36. Qc4+ Kxe5 37. Qf4+ Ke6 38. Qe4+
Kf6 39. Qh4+ Kg7 40. Qg4+ Kf8 41. Qc8+ Ke7 42. Qc7+ Ke6 43. Qc4+ Ke5 44. Qf4+
Kd5 45. Qxf7+ Ke4 46. Qf4+ Kd3 47. Qf5+ Kxe3 48. Qf3+ Kd4 49. Qf6+ Kc5 50. Qe7+
Kb6 51. Qe3+ Kc6 52. Qe6+ Kb5 53. Qc4+ Kb6 54. Qe6+ Kc5 55. Qe7+ Kd5 56. Qb7+
Ke5 57. Qc7+ Kf5 58. Qxh7+ Kg5 59. Qg7+ 1/2-1/2

[Event "Open SSM B Agosto"]
[Site "Milano ITA"]
[Date "2014.08.03"]
[Round "6"]
[White "Gonella, Graziano"]
[Black "Fantina, Carla"]
[WhiteElo "1156"]
[BlackElo "1399"]
[Result "0-1"]
[PlyCount "140"]
[EventDate "2014.07.29"]

1. e4 d6 2. d4 g6 3. Nc3 Bg7 4. Nf3 Nf6 5. Bc4 O-O 6. Bg5 Nxe4 7. Be3 Nxc3 8.
bxc3 Nc6 9. Qd2 Na5 10. Bd3 c6 11. O-O Bg4 12. Ne1 d5 13. f3 Bd7 14. Bh6 f5 15.
Bxg7 Kxg7 16. Qg5 e6 17. Qf4 Qb8 18. Qd2 e5 19. dxe5 Qxe5 20. f4 Qf6 21. Nf3 c5
22. Rfe1 c4 23. Bf1 Bc6 24. Re5 Rad8 25. Rae1 b5 26. Nd4 Rd6 27. Ne6+ Rxe6 28.
Rxe6 Qd8 29. Re7+ Kh6 30. Rxa7 Qb6+ 31. Qe3 Qxe3+ 32. Rxe3 Nb7 33. Re6 Rc8 34.
Ra6 Bd7 35. Reb6 Nc5 36. Ra7 Rd8 37. g3 Be6 38. Rxb5 Ne4 39. Rbb7 Bg8 40. a4
Nxc3 41. Kg2 Nd1 42. Re7 Nb2 43. h4 d4 44. Red7 Rxd7 45. Rxd7 d3 46. cxd3 cxd3
47. Bxd3 Nxa4 48. Bb5 Nc3 49. Ba6 Bd5+ 50. Kf2 Be4 51. Rc7 Nd5 52. Ra7 Nf6 53.
Bc8 Ng4+ 54. Kg1 Ne3 55. Be6 Nc2 56. Bg8 Kh5 57. Rxh7+ Kg4 58. Kh2 Ne3 59. Rh6
Nf1+ 60. Kg1 Nxg3 61. Rxg6+ Kxf4 62. Kf2 Nh5 63. Rg5 Nf6 64. Ba2 Ng4+ 65. Kg1
Ke3 66. Bc4 Ne5 67. Rg3+ Nf3+ 68. Kg2 Kf4 69. Rg7 Nd2+ 70. Kf2 Nxc4 0-1

[Event "Open SSM B Agosto"]
[Site "Milano ITA"]
[Date "2014.08.03"]
[Round "6"]
[White "Libutti, Michele"]
[Black "Deiana, Giacomo"]
[WhiteElo "1736"]
[BlackElo "1673"]
[Result "1-0"]
[PlyCount "53"]
[EventDate "2014.07.29"]

1. d4 g6 2. c4 Bg7 3. Nc3 c5 4. d5 d6 5. e4 e5 6. dxe6 Bxe6 7. Bf4 Bd4 8. Nf3
Bg4 9. Be2 Bxf3 10. Bxf3 Nc6 11. O-O Nge7 12. Nb5 O-O 13. Nxd6 Bxb2 14. Rb1 Be5
15. Bxe5 Nxe5 16. Nxb7 Qc7 17. Qd6 Nxf3+ 18. gxf3 Qxd6 19. Nxd6 Rab8 20. Rb5 a6
21. Rxc5 Rfd8 22. e5 Rb2 23. a4 g5 24. Rc7 Kf8 25. Ra7 Rb6 26. a5 Rc6 27. Rb1
1-0